00428nam a2200157Ia 4500008004100000020001800041082001200059100001800071245005700089250000700146260003500153300002300188500001900211600002000230650002000250240925s9999 xx 000 0 und d a9789385919428 a306 BAR aBarnard, Alan 0aSocial Anthropology: investigating human social life aNA aNew Delhi:bViva Booksc,2017. a677p.b0fOriginal aIncludes Index aSocial Sciences aSocial Sciences